000 01418cam a2200325 i 4500
001 18277209
003 OSt
005 20240530110620.0
008 140822t20142014ua ab b 001 0 eng c
020 _a9789774166334
040 _cEG-CaGPL
082 0 4 _221
_a932
_bCC/D A
100 1 _aDodson, Aidan,
_d1962-
_eauthor.
245 1 0 _aAmarna sunrise :
_bEgypt from golden age to age of heresy /
_cAidan Dodson.
264 1 _aCairo :
_bAmerican University in Cairo Press,
_c2014.
264 4 _c©2014
300 _axxiii, 257 pages :
_billustrations, maps ;
_c24 cm
336 _atext
_btxt
_2rdacontent
337 _aunmediated
_bn
_2rdamedia
338 _avolume
_bnc
_2rdacarrier
504 _aIncludes bibliographical references (pages 205-241) and index.
600 0 0 _aAkhenaton,
_cKing of Egypt.
650 0 _aPharaohs
_vBiography.
651 0 _aEgypt
_xHistory
_yEighteenth dynasty, ca. 1570-1320 B.C.
856 4 2 _3Publisher description
_uhttp://www.loc.gov/catdir/enhancements/fy1412/2012276733-d.html
856 4 2 _3Contributor biographical information
_uhttp://www.loc.gov/catdir/enhancements/fy1412/2012276733-b.html
856 4 1 _3Table of contents only
_uhttp://www.loc.gov/catdir/enhancements/fy1412/2012276733-t.html
942 _2ddc
_cBK
999 _c63033
_d63033